[Event "Canarias-chT"]
[Site "Vecindario"]
[Date "2019.06.16"]
[Round "6.4"]
[White "Rodriguez Redondo, Adhara"]
[Black "De La Rosa Baez, Carlos"]
[Result "1-0"]
[WhiteElo "1933"]
[BlackElo "1521"]
[PlyCount "113"]
[EventDate "2019.06.13"]
[EventType "team-swiss"]
[EventRounds "6"]
[EventCountry "ESP"]
[SourceTitle "EXT 2020"]
[Source "ChessBase"]
[SourceDate "2019.10.17"]
[SourceVersion "1"]
[SourceVersionDate "2019.10.17"]
[SourceQuality "1"]
[WhiteTeam "CajaCanarias"]
[BlackTeam "Ebano Barrio Nuevo  II"]
[WhiteTeamCountry "ESP"]
[BlackTeamCountry "ESP"]

1. e4 e6 2. Nf3 d5 3. exd5 exd5 4. d4 Bg4 5. h3 Be6 6. Bd3 Nc6 7. 0-0 Qd7 8. Re1 0-0-0 9. Bf4 Bd6 10. Bxd6 Qxd6 11. Nc3 Qf4 12. Bb5 Nge7 13. Na4 g5 14. Qc1 Qxc1 15. Raxc1 g4 16. hxg4 Bxg4 17. Ne5 Nxe5 18. Rxe5 Nf5 19. c3 c6 20. Bd3 Nd6 21. f3 Be6 22. Nc5 Rde8 23. Kf2 Kd8 24. Rh1 h6 25. Reh5 b6 26. Nb3 Nc4 27. Bxc4 dxc4 28. Nd2 Reg8 29. Rxh6 Rxh6 30. Rxh6 Rg5 31. Rh1 Ra5 32. a3 Rb5 33. Rb1 Bf5 34. Ne4 Ke7 35. Ke3 Ke6 36. b4 cxb3 37. c4 Bxe4 38. Kxe4 Rh5 39. Rxb3 Rh4+ 40. g4 f5+ 41. Kf4 Kf6 42. d5 cxd5 43. cxd5 Rh8 44. Rd3 fxg4 45. fxg4 Rf8 46. Rc3 Ke7+ 47. Ke5 Kd7 48. g5 Re8+ 49. Kf6 Re1 50. g6 Rf1+ 51. Kg7 Rg1 52. Kf7 Rf1+ 53. Kg8 Ke7 54. g7 Kd7 55. Rh3 Re1 56. Kh8 Re8+ 57. g8Q 1-0

[Event "Tenerife-chT Segunda-A 1819"]
[Site "Tenerife"]
[Date "2019.04.06"]
[Round "13.3"]
[White "Gallardo Jimenez, Juan Manuel"]
[Black "De La Rosa Baez, Carlos"]
[Result "0-1"]
[WhiteElo "1280"]
[BlackElo "1494"]
[PlyCount "66"]
[EventDate "2018.11.24"]
[EventType "team-tourn"]
[EventRounds "14"]
[EventCountry "ESP"]
[SourceTitle "CBM 189 Extra"]
[Source "ChessBase"]
[SourceDate "2019.06.03"]
[SourceVersion "1"]
[SourceVersionDate "2019.06.03"]
[SourceQuality "1"]
[WhiteTeam "La Victoria 94 II"]
[BlackTeam "Ebano Barrio Nuevo II"]
[WhiteTeamCountry "ESP"]
[BlackTeamCountry "ESP"]

1. d4 e6 2. b3 Nf6 3. a4 d5 4. Nf3 Be7 5. e3 0-0 6. Be2 c5 7. dxc5 Bxc5 8. 0-0 b6 9. Bb2 Ba6 10. Bxa6 Nxa6 11. c3 Be7 12. b4 Rc8 13. h3 Ne4 14. Qd3 Nb8 15. a5 Bf6 16. axb6 Qxb6 17. Rc1 Nc6 18. Ra6 Qb7 19. Ba3 Ne5 20. Nxe5 Bxe5 21. f3 Nd6 22. Ra5 Nc4 23. f4 Bf6 24. Rc5 Rb8 25. Rxc4 dxc4 26. Qxc4 Rbc8 27. Qe2 Rfd8 28. Bb2 Qe4 29. Nd2 Qd5 30. Rd1 Bxc3 31. Bxc3 Rxc3 32. e4 Qd4+ 33. Kh2 Rc2 0-1

[Event "Santa Cruz de Tenerife Verano op"]
[Site "Santa Cruz de Tenerife"]
[Date "2017.08.02"]
[Round "1"]
[White "De La Rosa Baez, Carlos"]
[Black "Lopez Pereyra, Antonio"]
[Result "0-1"]
[WhiteElo "1521"]
[BlackElo "2096"]
[PlyCount "56"]
[EventDate "2017.08.02"]
[EventType "swiss"]
[EventRounds "9"]
[EventCountry "ESP"]
[SourceTitle "EXT 2018"]
[Source "ChessBase"]
[SourceDate "2017.10.13"]
[SourceVersion "1"]
[SourceVersionDate "2017.10.13"]
[SourceQuality "1"]

1. Nf3 e6 2. c4 f5 3. g3 Nf6 4. Bg2 Be7 5. 0-0 0-0 6. Nc3 d6 7. Rb1 Qe8 8. d3 Qh5 9. Nb5 Bd8 10. b4 e5 11. c5 a6 12. Nc3 Nc6 13. Qb3+ Kh8 14. cxd6 cxd6 15. b5 axb5 16. Nxb5 e4 17. dxe4 fxe4 18. Ng5 Ng4 19. Nh3 Bb6 20. Nxd6 Nxf2 21. Qxb6 Nxh3+ 22. Bxh3 Bxh3 23. Rf2 Qd5 24. Bf4 Rxf4 25. Rxf4 Qxd6 26. Rxe4 Rf8 27. Qxb7 Qc5+ 28. e3 Qc2 0-1

[Event "Canarias-chT"]
[Site "San Cristobal de La Laguna"]
[Date "2017.06.24"]
[Round "4.3"]
[White "De La Rosa Baez, Carlos"]
[Black "Rodriguez Perez, Mauro"]
[Result "0-1"]
[WhiteElo "1522"]
[BlackElo "1903"]
[PlyCount "84"]
[EventDate "2017.06.22"]
[EventType "team-swiss"]
[EventRounds "6"]
[EventCountry "ESP"]
[SourceTitle "EXT 2024"]
[Source "ChessBase"]
[SourceDate "2023.10.10"]
[SourceVersion "1"]
[SourceVersionDate "2023.10.10"]
[SourceQuality "1"]
[WhiteTeam "Ebano Casa Venezuela II"]
[BlackTeam "Canarias 64"]
[WhiteTeamCountry "ESP"]
[BlackTeamCountry "ESP"]

1. Nf3 Nf6 2. c4 e6 3. g3 d5 4. Bg2 dxc4 5. Qa4+ c6 6. Qxc4 b5 7. Qc2 Bb7 8. d3 Nbd7 9. Nd4 Qb6 10. e3 c5 11. Nf3 Ne5 12. Nbd2 Rd8 13. d4 cxd4 14. exd4 Nxf3+ 15. Nxf3 Bb4+ 16. Bd2 Bxd2+ 17. Qxd2 Bxf3 18. Bxf3 Rxd4 19. Qe3 0-0 20. 0-0 Rfd8 21. Rac1 Qa5 22. a3 h6 23. Rfd1 Rxd1+ 24. Rxd1 a6 25. Rxd8+ Qxd8 26. b4 Qc7 27. Qc5 Qxc5 28. bxc5 Kf8 29. Kf1 Ke7 30. Bc6 Nd7 31. Ke2 Nxc5 32. Ke3 Kd6 33. Be8 f6 34. Kd4 f5 35. f4 Ne4 36. Bh5 Nd2 37. Bd1 Nf1 38. h3 Nxg3 39. Bf3 Nf1 40. Kd3 e5 41. Bg2 e4+ 42. Ke2 Ng3+ 0-1

[Event "Tenerife-chT Segunda 1617"]
[Site "Tenerife"]
[Date "2017.03.11"]
[Round "8.1"]
[White "Alvarez Alonso, Alberto"]
[Black "De La Rosa Baez, Carlos"]
[Result "1-0"]
[WhiteElo "1828"]
[BlackElo "1619"]
[PlyCount "35"]
[EventDate "2016.12.10"]
[EventType "team-tourn"]
[EventRounds "15"]
[EventCountry "ESP"]
[SourceTitle "EXT 2018"]
[Source "ChessBase"]
[SourceDate "2017.10.13"]
[SourceVersion "1"]
[SourceVersionDate "2017.10.13"]
[SourceQuality "1"]
[WhiteTeam "Al Shah Mat Los Realejos II"]
[BlackTeam "Casa de Venezuela Ebano III"]
[WhiteTeamCountry "ESP"]
[BlackTeamCountry "ESP"]

1. e4 e6 2. d4 d5 3. Nc3 Bb4 4. e5 c5 5. a3 Bxc3+ 6. bxc3 Nc6 7. Qg4 Kf8 8. Nf3 Nge7 9. Bd3 Nf5 10. Qf4 f6 11. g4 g5 12. Qd2 Ng7 13. a4 fxe5 14. dxe5 h6 15. h4 Qc7 16. hxg5 Nxe5 17. Qf4+ Qf7 18. Nxe5 1-0

[Event "Santa Cruz de Tenerife op"]
[Site "Santa Cruz de Tenerife"]
[Date "2016.08.23"]
[Round "7"]
[White "De La Rosa Baez, Carlos"]
[Black "Alvarez Alonso, Alberto"]
[Result "0-1"]
[WhiteElo "1481"]
[BlackElo "1876"]
[PlyCount "56"]
[EventDate "2016.08.08"]
[EventType "swiss"]
[EventRounds "9"]
[EventCountry "ESP"]
[SourceTitle "CBM 174 Extra"]
[Source "ChessBase"]
[SourceDate "2016.10.10"]
[SourceVersion "1"]
[SourceVersionDate "2016.10.10"]
[SourceQuality "1"]

1. Nf3 Nf6 2. c4 e6 3. g3 d5 4. Bg2 Be7 5. e3 0-0 6. b3 dxc4 7. bxc4 c5 8. 0-0 Nc6 9. Nc3 e5 10. Bb2 Bf5 11. e4 Nxe4 12. Nxe4 Bxe4 13. Nxe5 Nxe5 14. Bxe4 Nxc4 15. Bc3 Nd6 16. Bc2 Ne8 17. Qh5 g6 18. Qe5 Bf6 19. Qxc5 Rc8 20. Qxa7 b6 21. Bxf6 Nxf6 22. Bb3 Ne4 23. Rfe1 Qd4 24. Re3 Qxa1+ 25. Kg2 Nxd2 26. g4 Qf1+ 27. Kg3 Qg1+ 28. Kh3 Nf1 0-1

[Event "Santa Cruz de Tenerife op"]
[Site "Santa Cruz de Tenerife"]
[Date "2016.08.11"]
[Round "4"]
[White "Quesada Ventura, Giovanni"]
[Black "De La Rosa Baez, Carlos"]
[Result "0-1"]
[WhiteElo "1876"]
[BlackElo "1481"]
[PlyCount "120"]
[EventDate "2016.08.08"]
[EventType "swiss"]
[EventRounds "9"]
[EventCountry "ESP"]
[SourceTitle "CBM 174 Extra"]
[Source "ChessBase"]
[SourceDate "2016.10.10"]
[SourceVersion "1"]
[SourceVersionDate "2016.10.10"]
[SourceQuality "1"]

1. e4 e6 2. d3 d5 3. Nd2 c5 4. Ngf3 Nc6 5. g3 Nf6 6. Bg2 Be7 7. 0-0 0-0 8. b3 Qc7 9. Bb2 d4 10. Re1 e5 11. a4 h6 12. Nc4 Be6 13. Nfd2 a6 14. c3 b5 15. axb5 axb5 16. Na3 Rxa3 17. Bxa3 dxc3 18. Nf1 b4 19. Bc1 Nd4 20. Be3 Bxb3 21. Qb1 Bc2 22. Qc1 Bxd3 23. Bxd4 cxd4 24. Nd2 Rb8 25. Nb3 Qc4 26. Na5 Qa6 27. Qd1 Bc4 28. Nxc4 Qxc4 29. Bf1 Qc5 30. Qb3 Rd8 31. Bd3 Nd7 32. Ra6 Qc7 33. Qc4 Qxc4 34. Bxc4 Nc5 35. Rc6 Na4 36. Bb3 Nb2 37. Rc7 Kf8 38. Ra7 d3 39. Raa1 d2 40. Rf1 Rc8 41. Bc2 Nc4 42. Ra2 Na3 43. Bb3 c2 44. Bxc2 Rxc2 45. Rxc2 Nxc2 46. Rd1 Bg5 47. h4 Be7 48. Rxd2 Nd4 49. Rb2 b3 50. Kf1 Ke8 51. Ke1 Bb4+ 52. Kd1 Kd7 53. f4 f6 54. fxe5 fxe5 55. g4 Kc6 56. g5 h5 57. g6 Kb5 58. Rf2 Ba3 59. Rf7 b2 60. Rxg7 b1Q+ 0-1

[Event "Santa Cruz de Tenerife op"]
[Site "Santa Cruz de Tenerife"]
[Date "2016.08.09"]
[Round "2"]
[White "Mamani Beltran, Deniman"]
[Black "De La Rosa Baez, Carlos"]
[Result "0-1"]
[WhiteElo "1122"]
[BlackElo "1481"]
[PlyCount "126"]
[EventDate "2016.08.08"]
[EventType "swiss"]
[EventRounds "9"]
[EventCountry "ESP"]
[SourceTitle "CBM 174 Extra"]
[Source "ChessBase"]
[SourceDate "2016.10.10"]
[SourceVersion "1"]
[SourceVersionDate "2016.10.10"]
[SourceQuality "1"]

1. e4 e6 2. d3 d5 3. Nd2 c5 4. b3 Nc6 5. Ngf3 Be7 6. Bb2 d4 7. c3 e5 8. g3 Nf6 9. Bg2 0-0 10. 0-0 Qa5 11. Qc2 Rd8 12. Nc4 Qc7 13. cxd4 exd4 14. e5 Ng4 15. Rfe1 b5 16. Na3 Rb8 17. Qe2 Rd5 18. Qe4 Be6 19. Bh3 Nxf2 20. Kxf2 Bxh3 21. Qxd5 Bf5 22. Rac1 Nb4 23. Nxb5 Rxb5 24. Qc4 Bxd3 25. Qxd4 c4 26. Qe3 Nc2 27. Qd2 Nxe1 28. Kxe1 Qb7 29. Kf2 Bc5+ 30. Kg2 Be4 31. Qc3 cxb3 32. axb3 Rxb3 33. Qxc5 Rxb2+ 34. Kh3 Qd7+ 35. g4 h5 36. Qc8+ Qxc8 37. Rxc8+ Kh7 38. Ng5+ Kg6 39. Nxe4 hxg4+ 40. Kxg4 Rxh2 41. Rc6+ f6 42. e6 f5+ 43. Kg3 Rh5 44. e7+ Kf7 45. Re6 Rh8 46. Ng5+ Ke8 47. Kf4 Kd7 48. Kxf5 Re8 49. Ke5 Rxe7 50. Rxe7+ Kxe7 51. Ne6 g6 52. Nf4 g5 53. Nh5 g4 54. Ng3 Kf7 55. Kf4 Ke6 56. Ne4 Kd5 57. Nc3+ Kc4 58. Nb1 a5 59. Kxg4 a4 60. Kf3 Kb3 61. Ke3 Kb2 62. Kd3 Kxb1 63. Kc3 a3 0-1

[Event "Tenerife-ch"]
[Site "Santa Cruz de Tenerife"]
[Date "2016.04.15"]
[Round "7.5"]
[White "De La Rosa Baez, Carlos"]
[Black "Hernandez Leon, Sergio"]
[Result "0-1"]
[WhiteElo "1381"]
[BlackElo "2106"]
[PlyCount "92"]
[EventDate "2016.04.01"]
[EventType "swiss"]
[EventRounds "9"]
[EventCountry "ESP"]
[SourceTitle "EXT 2024"]
[Source "ChessBase"]
[SourceDate "2023.10.10"]
[SourceVersion "1"]
[SourceVersionDate "2023.10.10"]
[SourceQuality "1"]

1. c4 e5 2. Nc3 Nc6 3. g3 g6 4. Nf3 Bg7 5. Bg2 d6 6. d3 f5 7. 0-0 Nf6 8. Rb1 0-0 9. b4 h6 10. b5 Ne7 11. a4 Be6 12. a5 Rb8 13. Ba3 b6 14. axb6 axb6 15. Qc2 g5 16. Ra1 Qd7 17. Ra2 f4 18. Rfa1 Nf5 19. Bb4 g4 20. Nd2 Nd4 21. Qb2 Qf7 22. Nde4 f3 23. exf3 gxf3 24. Bf1 Qh5 25. h4 Nf5 26. Bh3 Rbe8 27. Ra7 Rf7 28. Rb7 Nxh4 29. Bxe6 Rxe6 30. Nxf6+ Bxf6 31. Raa7 Ng6 32. Qb1 Ree7 33. Nd5 Nf4 34. Nxe7+ Bxe7 35. Ra2 Ne2+ 36. Rxe2 fxe2 37. Rxc7 Qf3 38. Be1 h5 39. d4 e4 40. Qc1 Kg7 41. Qc3 Bf6 42. Rxf7+ Kxf7 43. Qe3 h4 44. d5 hxg3 45. Qxf3 exf3 46. Kh1 Bd4 0-1

[Event "Tenerife-ch"]
[Site "Santa Cruz de Tenerife"]
[Date "2016.04.13"]
[Round "6.6"]
[White "De La Rosa Baez, Carlos"]
[Black "Medina Sanchez, Gines"]
[Result "1-0"]
[WhiteElo "1381"]
[BlackElo "1703"]
[PlyCount "119"]
[EventDate "2016.04.01"]
[EventType "swiss"]
[EventRounds "9"]
[EventCountry "ESP"]
[SourceTitle "EXT 2024"]
[Source "ChessBase"]
[SourceDate "2023.10.10"]
[SourceVersion "1"]
[SourceVersionDate "2023.10.10"]
[SourceQuality "1"]

1. Nf3 d5 2. c4 dxc4 3. Qa4+ Nc6 4. Qxc4 Be6 5. Qc2 g6 6. g3 Nf6 7. Bg2 Qd6 8. d3 Nb4 9. Qa4+ Bd7 10. Qd1 Bg7 11. Bf4 Qa6 12. Qb3 Nfd5 13. Ne5 Ba4 14. Qc4 Nc2+ 15. Kd2 Qxc4 16. Nxc4 Nxf4 17. gxf4 Nxa1 18. Nc3 Bc6 19. Bxc6+ bxc6 20. Rxa1 Rb8 21. b3 0-0 22. Rc1 Rfd8 23. Na5 Bxc3+ 24. Rxc3 Rb6 25. Nxc6 Rd7 26. Ne5 Rd8 27. Rxc7 Re6 28. Rxa7 f6 29. Nc4 Kf7 30. b4 Rb8 31. Kc3 Rxe2 32. a4 Rxf2 33. b5 Rxf4 34. b6 Rxc4+ 35. dxc4 Rxb6 36. a5 Rc6 37. Rb7 Ke6 38. Rb6 Kd6 39. Kb4 Rxb6+ 40. axb6 Kc6 41. Ka5 Kb7 42. c5 f5 43. c6+ Kb8 44. Ka6 e5 45. c7+ Kc8 46. b7+ Kxc7 47. Ka7 e4 48. b8Q+ Kc6 49. Qb4 Kd5 50. Kb6 e3 51. Qf4 e2 52. Qe3 f4 53. Qxe2 g5 54. Kc7 h6 55. Kd7 Kd4 56. Ke6 h5 57. Kf5 f3 58. Qxf3 g4 59. Qf2+ Kd3 60. Kg5 1-0

[Event "Tenerife-chT Segunda 1516"]
[Site "Tenerife"]
[Date "2016.04.09"]
[Round "12.3"]
[White "Marconi Saltari, Carlos Alberto"]
[Black "De La Rosa Baez, Carlos"]
[Result "0-1"]
[WhiteElo "1412"]
[BlackElo "1357"]
[PlyCount "98"]
[EventDate "2015.12.12"]
[EventType "team-tourn"]
[EventRounds "15"]
[EventCountry "ESP"]
[SourceTitle "EXT 2017"]
[Source "ChessBase"]
[SourceDate "2016.10.25"]
[SourceVersion "1"]
[SourceVersionDate "2016.10.25"]
[SourceQuality "1"]
[WhiteTeam "La Victoria 94 II"]
[BlackTeam "Casa de Venezuela"]
[WhiteTeamCountry "ESP"]
[BlackTeamCountry "ESP"]

1. e4 e6 2. Nf3 d5 3. e5 c5 4. d4 Nc6 5. Bb5 Bd7 6. Bxc6 Bxc6 7. Nc3 Qb6 8. 0-0 Nh6 9. Bxh6 gxh6 10. b3 Bg7 11. Rb1 cxd4 12. Na4 Qb4 13. Qxd4 Qxd4 14. Nxd4 Bxe5 15. Nxc6 bxc6 16. Nc5 Bd4 17. Na6 Bb6 18. Rfe1 c5 19. Re5 0-0-0 20. Rh5 Kb7 21. Nxc5+ Bxc5 22. Rxh6 Rd6 23. b4 Rb6 24. a3 e5 25. Rxb6+ Bxb6 26. Rd1 Rd8 27. Rd3 d4 28. Rf3 Rd7 29. Rf5 e4 30. Kf1 d3 31. cxd3 exd3 32. Ke1 d2+ 33. Kd1 Bd8 34. Rh5 f6 35. Rc5 Kb6 36. Rc2 Kb5 37. Rxd2 Rxd2+ 38. Kxd2 Ka4 39. Kc3 Kxa3 40. Kc4 Bb6 41. f4 Be3 42. g3 Bg1 43. h3 Bh2 44. g4 Bxf4 45. Kc5 Ka4 46. b5 Be3+ 47. Kc6 Kb4 48. b6 Bxb6 49. Kd5 Be3 0-1

[Event "Tenerife-chT Segunda 1516"]
[Site "Tenerife"]
[Date "2016.04.02"]
[Round "11.2"]
[White "Nuevo Cabezas, Antonio"]
[Black "De La Rosa Baez, Carlos"]
[Result "1-0"]
[WhiteElo "1326"]
[BlackElo "1357"]
[PlyCount "99"]
[EventDate "2015.12.12"]
[EventType "team-tourn"]
[EventRounds "15"]
[EventCountry "ESP"]
[SourceTitle "EXT 2017"]
[Source "ChessBase"]
[SourceDate "2016.10.25"]
[SourceVersion "1"]
[SourceVersionDate "2016.10.25"]
[SourceQuality "1"]
[WhiteTeam "Achinet Gambito de Rey III"]
[BlackTeam "Casa de Venezuela"]
[WhiteTeamCountry "ESP"]
[BlackTeamCountry "ESP"]

1. e4 e6 2. d4 d5 3. e5 c5 4. Nf3 Qb6 5. c3 Nc6 6. a3 Nh6 7. h3 cxd4 8. cxd4 Nf5 9. b4 Nfxd4 10. Be3 Nxf3+ 11. gxf3 Qc7 12. f4 Be7 13. Bb5 0-0 14. Bxc6 bxc6 15. Qd3 f6 16. Bd4 c5 17. bxc5 Bxc5 18. Nd2 Bxd4 19. Qxd4 Qf7 20. h4 Ba6 21. h5 fxe5 22. fxe5 Qf5 23. Rc1 Rac8 24. Rd1 Qd3 25. Qxd3 Bxd3 26. Rh4 Rf5 27. f4 Rcf8 28. Rc1 Rxf4 29. Rxf4 Rxf4 30. Rc8+ Rf8 31. Rc3 Bb5 32. Nf3 Rf5 33. Kf2 a6 34. Ke3 g6 35. hxg6 hxg6 36. Kd4 g5 37. Kc5 g4 38. Nd4 Rxe5 39. Kd6 Re4 40. Nxe6 d4 41. Rc8+ Kh7 42. Ng5+ Kg7 43. Nxe4 d3 44. Ke5 Ba4 45. Kf4 Bd1 46. Rc5 Bf3 47. Nd2 Be2 48. Ra5 Kg6 49. Rxa6+ Kh5 50. a4 1-0

[Event "Santa Cruz de Tenerife op 26th"]
[Site "Santa Cruz de Tenerife"]
[Date "2015.12.23"]
[Round "7"]
[White "Bernardez Gonzalez, Roberto"]
[Black "De La Rosa Baez, Carlos"]
[Result "1-0"]
[WhiteElo "1540"]
[BlackElo "1357"]
[PlyCount "33"]
[EventDate "2015.12.15"]
[EventType "swiss"]
[EventRounds "9"]
[EventCountry "ESP"]
[SourceTitle "CBM 170 Extra"]
[Source "ChessBase"]
[SourceDate "2016.02.25"]
[SourceVersion "1"]
[SourceVersionDate "2016.02.25"]
[SourceQuality "1"]

1. e4 e6 2. d4 d5 3. Nc3 Bb4 4. e5 c5 5. Bd2 cxd4 6. Nb5 Bxd2+ 7. Qxd2 Nc6 8. f4 f6 9. Nf3 fxe5 10. fxe5 Nge7 11. Nd6+ Kf8 12. Qf4+ Nf5 13. g4 Qa5+ 14. Kd1 Nce7 15. gxf5 exf5 16. Nxd4 Qb4 17. Ne6+ 1-0

[Event "Tenerife Verano op"]
[Site "Tenerife"]
[Date "2015.08.21"]
[Round "6"]
[White "De La Rosa Baez, Carlos"]
[Black "Calvo Nobrega, Joaquin Manuel"]
[Result "0-1"]
[WhiteElo "1361"]
[BlackElo "1729"]
[PlyCount "46"]
[EventDate "2015.08.10"]
[EventType "swiss"]
[EventRounds "9"]
[EventCountry "ESP"]
[SourceTitle "EXT 2016"]
[Source "ChessBase"]
[SourceDate "2015.10.08"]
[SourceVersion "1"]
[SourceVersionDate "2015.10.08"]
[SourceQuality "1"]

1. Nf3 d5 2. b3 c5 3. c4 d4 4. Bb2 f6 5. g3 e5 6. d3 Nc6 7. Bg2 Bd6 8. 0-0 Nge7 9. e3 0-0 10. Na3 a6 11. exd4 exd4 12. Nc2 Bg4 13. Rb1 Qc8 14. Qd2 Ng6 15. a3 a5 16. Ba1 Re8 17. b4 axb4 18. axb4 Nge5 19. bxc5 Nxf3+ 20. Bxf3 Bxf3 21. cxd6 Qh3 22. Ne3 Re5 23. Rxb7 Rh5 0-1

[Event "Tenerife-chT Segunda"]
[Site "Tenerife"]
[Date "2015.05.02"]
[Round "11.2"]
[White "Sanchez Martin, Jacobo"]
[Black "De La Rosa Baez, Carlos"]
[Result "1-0"]
[WhiteElo "1796"]
[BlackElo "1376"]
[PlyCount "41"]
[EventDate "2015.01.24"]
[EventType "swiss"]
[EventRounds "13"]
[EventCountry "ESP"]
[SourceTitle "EXT 2024"]
[Source "ChessBase"]
[SourceDate "2023.10.10"]
[SourceVersion "1"]
[SourceVersionDate "2023.10.10"]
[SourceQuality "1"]
[WhiteTeam "Universidad II"]
[BlackTeam "Casa de Venezuela Escuela"]
[WhiteTeamCountry "ESP"]
[BlackTeamCountry "ESP"]

1. e4 e6 2. d4 d5 3. exd5 exd5 4. Bd3 Nf6 5. Nf3 Bg4 6. c3 Bd6 7. Bg5 0-0 8. 0-0 Nbd7 9. Nbd2 c5 10. dxc5 Nxc5 11. Qc2 h6 12. Bh4 Re8 13. Rfe1 Qc7 14. Bxf6 Bxf3 15. Nxf3 gxf6 16. Bf5 Ne6 17. h4 Kh8 18. Qd2 Nf4 19. g3 Rg8 20. Kh1 Rg4 21. Bxg4 1-0